[Event "Cappelle op 29th"]
[Site "Cappelle la Grande"]
[Date "2013.02.24"]
[Round "2"]
[White "Forthofer, Robert"]
[Black "Kramo, Sosthene"]
[Result "0-1"]
[WhiteElo "2249"]
[BlackElo "1969"]
[PlyCount "34"]
[EventDate "2013.02.23"]
[EventType "swiss"]
[EventRounds "9"]
[EventCountry "FRA"]
[SourceTitle "CBM 153 Extra"]
[Source "ChessBase"]
[SourceDate "2013.04.22"]
[SourceVersion "1"]
[SourceVersionDate "2013.04.22"]
[SourceQuality "1"]

1. e4 e5 2. f4 exf4 3. Nf3 d6 4. d4 g5 5. h4 g4 6. Ng1 Bh6 7. Nc3 c6 8. Qd3 Na6 9. a3 Qf6 10. Bd2 Ne7 11. e5 dxe5 12. Ne4 Qe6 13. dxe5 Nf5 14. 0-0-0 Qa2 15. c4 Be6 16. Kc2 b5 17. cxb5 Bb3+ 0-1

[Event "La Fere op 11th"]
[Site "La Fere"]
[Date "2012.07.14"]
[Round "9"]
[White "Derigny, Philippe"]
[Black "Forthofer, Robert"]
[Result "0-1"]
[WhiteElo "1977"]
[BlackElo "2259"]
[PlyCount "94"]
[EventDate "2012.07.07"]
[EventType "swiss"]
[EventRounds "9"]
[EventCountry "FRA"]
[SourceTitle "CBM 149 Extra"]
[Source "ChessBase"]
[SourceDate "2012.08.24"]
[SourceVersion "1"]
[SourceVersionDate "2012.08.24"]
[SourceQuality "1"]

1. e4 e6 2. d4 d5 3. e5 c5 4. c3 Nc6 5. Bb5 Bd7 6. Bxc6 bxc6 7. Nf3 cxd4 8. cxd4 Qa5+ 9. Nc3 Qa6 10. Qe2 Qxe2+ 11. Kxe2 c5 12. Be3 c4 13. Rab1 Bb4 14. Rhc1 Rc8 15. Bd2 Ne7 16. Nd1 Bxd2 17. Kxd2 Nc6 18. b4 Rb8 19. a3 Ke7 20. Nc3 Rb6 21. Rc2 h6 22. Rcb2 Rhb8 23. Kc2 Be8 24. Rd1 f6 25. exf6+ gxf6 26. Rd2 Bg6+ 27. Kc1 Kd6 28. Nh4 Bd3 29. Nf3 e5 30. dxe5+ fxe5 31. Ra2 e4 32. Ne1 Nd4 33. Kd1 a5 34. Nxd3 cxd3 35. Rdb2 axb4 36. axb4 Rxb4 37. Ra5 Rc4 38. Ra6+ Ke5 39. Ra3 Nc2 40. Rab3 Nd4 41. Ra3 Rc5 42. Kd2 Ne2 43. Nd1 Rc2+ 44. Ke1 Nd4 45. Nc3 h5 46. h3 h4 47. Nd1 d2+ 0-1

[Event "La Fere op 11th"]
[Site "La Fere"]
[Date "2012.07.11"]
[Round "6"]
[White "Forthofer, Robert"]
[Black "Torck, Kathleen"]
[Result "1-0"]
[WhiteElo "2259"]
[BlackElo "1321"]
[PlyCount "36"]
[EventDate "2012.07.07"]
[EventType "swiss"]
[EventRounds "9"]
[EventCountry "FRA"]
[SourceTitle "CBM 149 Extra"]
[Source "ChessBase"]
[SourceDate "2012.08.24"]
[SourceVersion "1"]
[SourceVersionDate "2012.08.24"]
[SourceQuality "1"]

1. e4 d5 2. exd5 Nf6 3. c4 e6 4. d4 exd5 5. Nf3 Bb4+ 6. Nc3 0-0 7. Be2 Re8 8. 0-0 Bf5 9. Bg5 Bxc3 10. bxc3 c6 11. Ne5 c5 12. cxd5 h6 13. Bxf6 Qxf6 14. Bb5 Re7 15. Qf3 Bg6 16. Qxf6 gxf6 17. d6 Re6 18. Nxg6 fxg6 1-0

[Event "La Fere op 11th"]
[Site "La Fere"]
[Date "2012.07.09"]
[Round "3"]
[White "Rouffignac, Marie"]
[Black "Forthofer, Robert"]
[Result "0-1"]
[WhiteElo "1689"]
[BlackElo "2259"]
[PlyCount "56"]
[EventDate "2012.07.07"]
[EventType "swiss"]
[EventRounds "9"]
[EventCountry "FRA"]
[SourceTitle "CBM 149 Extra"]
[Source "ChessBase"]
[SourceDate "2012.08.24"]
[SourceVersion "1"]
[SourceVersionDate "2012.08.24"]
[SourceQuality "1"]

1. e4 c5 2. Nf3 a6 3. Nc3 Nc6 4. d4 cxd4 5. Nxd4 e5 6. Nf5 Bb4 7. Nd6+ Kf8 8. Bc4 Qc7 9. Qh5 Nd8 10. Nxf7 Nf6 11. Qxe5 Qxc4 12. Nxh8 d6 13. Ng6+ hxg6 14. Qg3 Bg4 15. Qd3 Qxe4+ 16. Qxe4 Nxe4 17. Bd2 Nxd2 18. Kxd2 Rc8 19. a3 Bxc3+ 20. bxc3 Nc6 21. Rhe1 Bf5 22. h3 Ne5 23. g4 Nf3+ 24. Ke2 Nxe1 25. gxf5 Ng2 26. fxg6 Rxc3 27. Rb1 Nf4+ 28. Kd2 Rc7 0-1

[Event "La Fere op 10th"]
[Site "La Fere"]
[Date "2011.07.06"]
[Round "6.3"]
[White "Forthofer, Robert"]
[Black "Miezis, Normunds"]
[Result "1/2-1/2"]
[WhiteElo "2274"]
[BlackElo "2520"]
[PlyCount "143"]
[EventDate "2011.07.02"]
[EventType "swiss"]
[EventRounds "9"]
[EventCountry "FRA"]
[SourceTitle "EXT 2012"]
[Source "ChessBase"]
[SourceDate "2011.11.24"]
[SourceVersion "1"]
[SourceVersionDate "2011.11.24"]
[SourceQuality "1"]

1. e4 c5 2. Nf3 e6 3. d4 cxd4 4. Nxd4 a6 5. Nc3 Qc7 6. Bd3 Nc6 7. Nxc6 dxc6 8. 0-0 e5 9. f4 Nf6 10. Kh1 h5 11. fxe5 Ng4 12. Bf4 Be6 13. Qe2 0-0-0 14. Bc4 Bc5 15. Bxe6+ fxe6 16. Rad1 Rdf8 17. Bg3 Ne3 18. Rxf8+ Rxf8 19. Re1 Qf7 20. h3 Nf1 21. Bh2 Nxh2 22. Kxh2 Bd4 23. Qd2 Bxe5+ 24. Kg1 Rd8 25. Qg5 Bf4 26. Qc5 Qg6 27. Rd1 Rxd1+ 28. Nxd1 Qxe4 29. Qf8+ Kc7 30. Qxg7+ Kb8 31. Qc3 Be5 32. Qd2 Ka7 33. Nf2 Bd4 34. Kf1 Qh4 35. g3 Qf6 36. c3 Bb6 37. Qf4 Qd8 38. g4 hxg4 39. hxg4 Qh4 40. Kg2 a5 41. Nd3 Qh7 42. Qc4 Bc7 43. Qc5+ Ka8 44. Qf8+ Bb8 45. Qd8 Qe4+ 46. Kf1 b6 47. Qd4 Qh7 48. a4 Kb7 49. b4 e5 50. Qe3 Qh1+ 51. Ke2 Qd5 52. g5 e4 53. Nf2 Qc4+ 54. Ke1 axb4 55. Qd4 Qxc3+ 56. Qxc3 bxc3 57. Nxe4 Ka6 58. g6 Be5 59. Nd6 Bh8 60. Kd1 Ka5 61. Kc2 Kxa4 62. Ne8 b5 63. g7 Bxg7 64. Nxg7 b4 65. Ne6 Kb5 66. Nd4+ Kc5 67. Kd3 Kb6 68. Kc4 c5 69. Nb3 c2 70. Kd3 Kb5 71. Kxc2 c4 72. Nd2 1/2-1/2

[Event "Oberliga Sued W 1011"]
[Site "Germany"]
[Date "2010.10.24"]
[Round "2.4"]
[White "Hoegerl, Gerd"]
[Black "Forthofer, Robert"]
[Result "1-0"]
[WhiteElo "2177"]
[BlackElo "2230"]
[PlyCount "49"]
[EventDate "2010.10.10"]
[EventType "team-tourn"]
[EventRounds "9"]
[EventCountry "GER"]
[SourceTitle "EXT 2012"]
[Source "ChessBase"]
[SourceDate "2011.11.24"]
[SourceVersion "1"]
[SourceVersionDate "2011.11.24"]
[SourceQuality "1"]
[WhiteTeam "Mutterstadt"]
[BlackTeam "Saarbruecken SVG"]
[WhiteTeamCountry "GER"]
[BlackTeamCountry "GER"]

1. d4 e6 2. c4 f5 3. g3 Nf6 4. Bg2 Be7 5. Nh3 0-0 6. 0-0 d6 7. Nc3 Qe8 8. Qb3 a5 9. e4 a4 10. Qc2 e5 11. f4 exd4 12. Nb5 Na6 13. exf5 Ng4 14. Nxd4 Qh5 15. Bd5+ Kh8 16. Ng5 c6 17. Bf3 Bxg5 18. fxg5 Bxf5 19. Nxf5 Rxf5 20. Qe2 Qh3 21. Bf4 Ne5 22. Bg2 Qg4 23. Qxg4 Nxg4 24. Bh3 h5 25. gxh6 1-0

[Event "La Fere op"]
[Site "La Fere"]
[Date "2010.07.05"]
[Round "3"]
[White "Degraeve, Jean Marc"]
[Black "Forthofer, Robert"]
[Result "1-0"]
[WhiteElo "2563"]
[BlackElo "2287"]
[PlyCount "61"]
[EventDate "2010.07.03"]
[EventType "swiss"]
[EventRounds "9"]
[EventCountry "FRA"]
[SourceTitle "CBM 137 Extra"]
[Source "ChessBase"]
[SourceDate "2010.09.01"]
[SourceVersion "1"]
[SourceVersionDate "2010.09.01"]
[SourceQuality "1"]

1. e4 e6 2. d4 d5 3. Nd2 c5 4. Ngf3 cxd4 5. Nxd4 Nf6 6. exd5 Qxd5 7. Nb5 Na6 8. c4 Qc6 9. a3 Nc7 10. Nc3 Be7 11. Nf3 0-0 12. Be2 e5 13. 0-0 Rd8 14. Qa4 Qxa4 15. Nxa4 e4 16. Ne1 Ne6 17. Nc2 Bd7 18. Nc3 Bc5 19. Be3 Bxe3 20. fxe3 Rac8 21. Rad1 Nc5 22. h3 Nb3 23. Nd4 Na5 24. b3 a6 25. Rxf6 gxf6 26. Nd5 Kg7 27. Nb6 Rc7 28. b4 Nc6 29. Nxc6 Rxc6 30. Nxd7 Rc7 31. Nb6 1-0

[Event "FRA-ch Accession"]
[Site "Belfort"]
[Date "2010.??.??"]
[Round "6"]
[White "Camus, Berenger"]
[Black "Forthofer, Robert"]
[Result "1-0"]
[WhiteElo "2212"]
[BlackElo "2303"]
[PlyCount "63"]
[EventDate "2010.08.09"]
[EventType "swiss"]
[EventRounds "11"]
[EventCountry "FRA"]
[SourceTitle "CBM 138 Extra"]
[Source "ChessBase"]
[SourceDate "2010.10.29"]
[SourceVersion "1"]
[SourceVersionDate "2010.10.29"]
[SourceQuality "1"]

1. d4 e6 2. c4 Nf6 3. Bg5 h6 4. Bh4 Bb4+ 5. Nd2 b6 6. a3 Bxd2+ 7. Qxd2 Bb7 8. f3 d6 9. e3 Nbd7 10. Bd3 e5 11. Bf5 g5 12. Bg3 Qe7 13. Ne2 0-0-0 14. e4 Kb8 15. d5 Nh5 16. Bf2 Ng7 17. Bxd7 Qxd7 18. b4 f5 19. c5 dxc5 20. bxc5 Ba6 21. 0-0 g4 22. cxb6 cxb6 23. Rfb1 Ka8 24. fxg4 fxe4 25. Nc3 Bd3 26. Rb4 Qxg4 27. Qxd3 Qxg2+ 28. Kxg2 exd3 29. Rd1 Nh5 30. Bg3 Rhg8 31. Kh3 Rg5 32. Bh4 1-0

[Event "La Fere op 8th"]
[Site "La Fere"]
[Date "2009.07.09"]
[Round "7"]
[White "Forthofer, Robert"]
[Black "Mestdagh, Franck"]
[Result "1-0"]
[WhiteElo "2263"]
[BlackElo "1937"]
[PlyCount "73"]
[EventDate "2009.07.04"]
[EventType "swiss"]
[EventRounds "9"]
[EventCountry "FRA"]
[SourceTitle "CBM 131 Extra"]
[Source "ChessBase"]
[SourceDate "2009.09.03"]
[SourceVersion "2"]
[SourceVersionDate "2009.09.16"]
[SourceQuality "1"]

1. f4 Nf6 2. Nf3 d6 3. d3 g6 4. e4 Bg7 5. Be2 Nc6 6. 0-0 0-0 7. Nc3 e5 8. Qe1 Bd7 9. fxe5 dxe5 10. Bg5 h6 11. Bh4 Qe8 12. Nd2 g5 13. Bg3 Nd4 14. Bd1 b5 15. Ne2 Ng4 16. Nxd4 exd4 17. Bxg4 Bxg4 18. Nb3 Qe7 19. Qa5 c6 20. Rf2 a6 21. Raf1 Be6 22. Qb6 Bxb3 23. axb3 Rfc8 24. Rxf7 Qxf7 25. Rxf7 Kxf7 26. Qb7+ Kg8 27. e5 Rab8 28. Qd7 Rd8 29. Qxc6 Rbc8 30. Qb6 Rf8 31. h4 gxh4 32. Bxh4 Rxc2 33. Qg6 Rc7 34. Kh2 Kh8 35. Kh3 Bxe5 36. Qxh6+ Kg8 37. Qe6+ 1-0

[Event "La Fere op 8th"]
[Site "La Fere"]
[Date "2009.07.08"]
[Round "6"]
[White "Casier, Fabrice"]
[Black "Forthofer, Robert"]
[Result "0-1"]
[WhiteElo "1820"]
[BlackElo "2263"]
[PlyCount "54"]
[EventDate "2009.07.04"]
[EventType "swiss"]
[EventRounds "9"]
[EventCountry "FRA"]
[SourceTitle "CBM 131 Extra"]
[Source "ChessBase"]
[SourceDate "2009.09.03"]
[SourceVersion "2"]
[SourceVersionDate "2009.09.16"]
[SourceQuality "1"]

1. c4 Nc6 2. Nc3 e5 3. Nf3 f5 4. e4 d6 5. Be2 Nf6 6. d3 Be7 7. Bg5 0-0 8. 0-0 Qe8 9. Bxf6 Bxf6 10. Nd5 Bd8 11. b4 Ne7 12. Nd2 c6 13. Nxe7+ Qxe7 14. exf5 Bxf5 15. Nb3 Bb6 16. Rc1 Rad8 17. Bg4 Qh4 18. Bxf5 Rxf5 19. c5 dxc5 20. bxc5 Bc7 21. Rc4 e4 22. h3 Rg5 23. f4 Qxh3 24. fxg5 Qh2+ 25. Kf2 Rxd3 26. Qxd3 exd3 27. Ke3 Qxg2 0-1

[Event "La Fere op 8th"]
[Site "La Fere"]
[Date "2009.07.07"]
[Round "5"]
[White "Forthofer, Robert"]
[Black "Schmidt, Raul"]
[Result "0-1"]
[WhiteElo "2263"]
[BlackElo "2377"]
[PlyCount "54"]
[EventDate "2009.07.04"]
[EventType "swiss"]
[EventRounds "9"]
[EventCountry "FRA"]
[SourceTitle "CBM 131 Extra"]
[Source "ChessBase"]
[SourceDate "2009.09.03"]
[SourceVersion "2"]
[SourceVersionDate "2009.09.16"]
[SourceQuality "1"]

1. e4 e5 2. f4 exf4 3. Nf3 d6 4. Bc4 Be6 5. Bxe6 fxe6 6. d4 Qf6 7. Nc3 Nd7 8. Nb5 0-0-0 9. Nxa7+ Kb8 10. Nb5 c6 11. Nc3 g5 12. 0-0 Ne7 13. Nxg5 Qxg5 14. Bxf4 Qg7 15. Bxd6+ Kc8 16. Na4 Ng6 17. Bg3 h5 18. d5 h4 19. dxe6 hxg3 20. Rf7 Qh6 21. exd7+ Kc7 22. Qd4 Qxh2+ 23. Kf1 Qh1+ 24. Ke2 Qxg2+ 25. Kd3 Bd6 26. Qb6+ Kb8 27. Rf6 Bc7 0-1

[Event "La Fere op 8th"]
[Site "La Fere"]
[Date "2009.07.06"]
[Round "4"]
[White "Molet, Asher"]
[Black "Forthofer, Robert"]
[Result "0-1"]
[WhiteElo "1900"]
[BlackElo "2263"]
[PlyCount "44"]
[EventDate "2009.07.04"]
[EventType "swiss"]
[EventRounds "9"]
[EventCountry "FRA"]
[SourceTitle "CBM 131 Extra"]
[Source "ChessBase"]
[SourceDate "2009.09.03"]
[SourceVersion "2"]
[SourceVersionDate "2009.09.16"]
[SourceQuality "1"]

1. d4 d5 2. Nf3 Nc6 3. Bf4 Bg4 4. c3 e6 5. Nbd2 Bd6 6. Ne5 Bxe5 7. dxe5 Nge7 8. Qa4 Bf5 9. e4 dxe4 10. Nxe4 Qd5 11. Ng3 0-0-0 12. Nxf5 exf5 13. Qc4 Ng6 14. Qxd5 Rxd5 15. g3 Ncxe5 16. Bg2 Nd3+ 17. Kf1 Ndxf4 18. gxf4 Rd2 19. Bh3 Nxf4 20. Bxf5+ Kb8 21. Rg1 g6 22. Rg4 Nh3 0-1

[Event "La Fere op 8th"]
[Site "La Fere"]
[Date "2009.07.05"]
[Round "2"]
[White "Genova, Liubka"]
[Black "Forthofer, Robert"]
[Result "1-0"]
[WhiteElo "2209"]
[BlackElo "2263"]
[PlyCount "131"]
[EventDate "2009.07.04"]
[EventType "swiss"]
[EventRounds "9"]
[EventCountry "FRA"]
[SourceTitle "CBM 131 Extra"]
[Source "ChessBase"]
[SourceDate "2009.09.03"]
[SourceVersion "2"]
[SourceVersionDate "2009.09.16"]
[SourceQuality "1"]

1. e4 e5 2. Nc3 Nc6 3. g3 Bc5 4. Bg2 d6 5. Na4 Be6 6. d3 Qd7 7. Nxc5 dxc5 8. b3 Nge7 9. Be3 b6 10. h3 0-0-0 11. Qd2 Nd4 12. f4 exf4 13. gxf4 f5 14. c3 Nb5 15. 0-0-0 fxe4 16. c4 exd3 17. cxb5 Qxb5 18. Nf3 Nc6 19. Ng5 Bd5 20. Bxd5 Rxd5 21. Ne4 Rd7 22. Nc3 Qb4 23. Nb1 Qb5 24. Nc3 Qb4 25. Nb1 Qb5 26. Na3 Qa6 27. Kb2 Nb4 28. Rhe1 Re8 29. Bf2 Rde7 30. Rxe7 Rxe7 31. Be3 g6 32. Re1 Re8 33. h4 h5 34. Rc1 Re6 35. Re1 Re8 36. Rc1 Re4 37. Rc4 Re6 38. Rc1 Qa5 39. Re1 b5 40. Bxc5 Qxa3+ 41. Kxa3 Nc2+ 42. Qxc2 dxc2 43. Rc1 Re4 44. Rxc2 Rxf4 45. Be7 Kd7 46. Bg5 Rg4 47. Rf2 a5 48. Kb2 c5 49. Rf6 Rg2+ 50. Kb1 Rg1+ 51. Kc2 Rg2+ 52. Bd2 a4 53. bxa4 bxa4 54. Ra6 Rg4 55. Bg5 Rg2+ 56. Kb1 a3 57. Rxa3 Kc6 58. Rd3 Kb5 59. Rd2 Rg4 60. Rc2 c4 61. Kb2 Kb4 62. Be7+ Ka4 63. Re2 Rf4 64. Kc3 Kb5 65. Re5+ Kb6 66. a4 1-0

[Event "La Fere op 7th"]
[Site "La Fere"]
[Date "2008.07.12"]
[Round "9"]
[White "Ringoir, Guy"]
[Black "Forthofer, Robert"]
[Result "0-1"]
[WhiteElo "1944"]
[BlackElo "2243"]
[PlyCount "34"]
[EventDate "2008.07.05"]
[EventType "swiss"]
[EventRounds "9"]
[EventCountry "FRA"]
[SourceTitle "CBM 125 Extra"]
[Source "ChessBase"]
[SourceDate "2008.09.01"]
[SourceVersion "1"]
[SourceVersionDate "2008.09.01"]
[SourceQuality "1"]

1. e4 Nc6 2. d4 d5 3. e5 Bf5 4. Nf3 e6 5. Nbd2 Qd7 6. c3 f6 7. exf6 gxf6 8. Bb5 Bd6 9. 0-0 0-0-0 10. Re1 Nge7 11. b4 h5 12. Nb3 Rdg8 13. Nc5 Bxc5 14. bxc5 Be4 15. Be3 e5 16. Kh1 Rxg2 17. Kxg2 Qg4+ 0-1

[Event "La Fere op 7th"]
[Site "La Fere"]
[Date "2008.07.10"]
[Round "7"]
[White "Gaponenko, Inna"]
[Black "Forthofer, Robert"]
[Result "1-0"]
[WhiteElo "2468"]
[BlackElo "2243"]
[PlyCount "59"]
[EventDate "2008.07.05"]
[EventType "swiss"]
[EventRounds "9"]
[EventCountry "FRA"]
[SourceTitle "CBM 125 Extra"]
[Source "ChessBase"]
[SourceDate "2008.09.01"]
[SourceVersion "1"]
[SourceVersionDate "2008.09.01"]
[SourceQuality "1"]

1. e4 c5 2. Nf3 d6 3. d4 cxd4 4. Nxd4 Nf6 5. Nc3 g6 6. Be3 Bg7 7. f3 0-0 8. Qd2 Nc6 9. Bc4 Nd7 10. 0-0-0 Nb6 11. Bb3 Na5 12. Qd3 Bd7 13. h4 Rc8 14. h5 Nbc4 15. hxg6 fxg6 16. Bg5 Nxb3+ 17. cxb3 Qa5 18. Bxe7 Ne5 19. Qc2 b5 20. Bxf8 Bxf8 21. b4 Qxb4 22. Kb1 Nc4 23. Qb3 Qc5 24. Nd5 Bg7 25. Ne7+ Kf8 26. Nxc8 Bxd4 27. Nxd6 Qxd6 28. Qd3 Be5 29. Qxd6+ Nxd6 30. f4 1-0

[Event "La Fere op 7th"]
[Site "La Fere"]
[Date "2008.07.09"]
[Round "6"]
[White "Forthofer, Robert"]
[Black "Lepere, Corentin"]
[Result "1-0"]
[WhiteElo "2243"]
[BlackElo "1640"]
[PlyCount "59"]
[EventDate "2008.07.05"]
[EventType "swiss"]
[EventRounds "9"]
[EventCountry "FRA"]
[SourceTitle "CBM 125 Extra"]
[Source "ChessBase"]
[SourceDate "2008.09.01"]
[SourceVersion "1"]
[SourceVersionDate "2008.09.01"]
[SourceQuality "1"]

1. e4 c5 2. Nf3 e6 3. d4 cxd4 4. Nxd4 a6 5. Nc3 Qc7 6. Bd3 b5 7. 0-0 Bb7 8. Re1 Bd6 9. g3 Nc6 10. Nb3 b4 11. Na4 Nge7 12. Be3 Be5 13. f4 Bd6 14. Nb6 Rd8 15. Nc4 Qb8 16. Qh5 Ng6 17. e5 Be7 18. Nc5 Ba8 19. Ne4 0-0 20. g4 f5 21. gxf5 exf5 22. Ned6 Bxd6 23. Nxd6 Ncxe5 24. fxe5 Nxe5 25. Bf4 Nf3+ 26. Kf1 Rc8 27. Nxf5 g6 28. Re7 gxh5 29. Nh6+ Kh8 30. Rxh7# 1-0

[Event "Gap op 2nd"]
[Site "Gap"]
[Date "2008.04.14"]
[Round "1"]
[White "Forthofer, Robert"]
[Black "Astier, Sylvain"]
[Result "1/2-1/2"]
[WhiteElo "2253"]
[BlackElo "1653"]
[PlyCount "166"]
[EventDate "2008.04.14"]
[EventType "swiss"]
[EventRounds "9"]
[EventCountry "FRA"]
[SourceTitle "CBM 123 Extra"]
[Source "ChessBase"]
[SourceDate "2008.05.06"]
[SourceVersion "1"]
[SourceVersionDate "2008.05.06"]
[SourceQuality "1"]

1. e4 e5 2. f4 d5 3. exd5 Qxd5 4. Nc3 Qe6 5. Nf3 Nc6 6. Bb5 Bd7 7. Qe2 Bd6 8. Bxc6 Bxc6 9. Nxe5 Bxe5 10. fxe5 0-0-0 11. 0-0 Nh6 12. d3 Nf5 13. Qf2 g6 14. Bf4 h5 15. Ne4 Rd4 16. c3 Ra4 17. Nc5 Rxf4 18. Qxf4 Qd5 19. Ne4 Qxd3 20. Ng3 Rg8 21. Rf2 Nxg3 22. Qxg3 Qxg3 23. hxg3 Bd5 24. b3 Re8 25. c4 Be6 26. Rd2 b6 27. Kf2 Bg4 28. Re1 Kb7 29. Re3 Kc6 30. a3 a5 31. Rd5 Be6 32. Rd4 Bg4 33. Rf4 Bf5 34. Rd4 Bg4 35. Ke1 Be6 36. Kd2 Bf5 37. Kc3 Be6 38. Rd2 Bf5 39. Re1 Bg4 40. Kd4 Bf5 41. Rc1 Rh8 42. Ke3 g5 43. Rf1 Be6 44. Rd4 Rb8 45. Rh1 Bg4 46. Rd5 Be6 47. Rd2 Bg4 48. Rf2 b5 49. Rf6+ Be6 50. Kd4 bxc4 51. bxc4 Rb3 52. Rf3 Rb2 53. Rxh5 g4 54. Rc3 Rxg2 55. Rh1 Rd2+ 56. Ke3 Rg2 57. Kd4 Rd2+ 58. Ke3 Rg2 59. Kf4 Rf2+ 60. Kg5 Re2 61. Kf4 Rf2+ 62. Kg5 Re2 63. Kf6 Rf2+ 64. Ke7 Re2 65. Rh5 Rd2 66. Rh7 Re2 67. Rh5 Rd2 68. Rh7 Re2 69. Rxf7 Bxf7 70. Kxf7 Rxe5 71. Kf6 Re4 72. Kf5 Rd4 73. Ke5 Kc5 74. Kf5 a4 75. Kg5 Rxc4 76. Rxc4+ Kxc4 77. Kxg4 Kd4 78. Kf3 Kd3 79. g4 c5 80. g5 c4 81. g6 c3 82. g7 c2 83. g8Q c1Q 1/2-1/2

[Event "FRA-ch Accession"]
[Site "Aix les Bains"]
[Date "2007.08.14"]
[Round "1"]
[White "Forthofer, Robert"]
[Black "Shirazi, Kamran"]
[Result "0-1"]
[WhiteElo "2221"]
[BlackElo "2401"]
[PlyCount "66"]
[EventDate "2007.08.13"]
[EventType "swiss"]
[EventRounds "11"]
[EventCountry "FRA"]
[SourceTitle "CBM 120 Extra"]
[Source "ChessBase"]
[SourceDate "2007.11.01"]
[SourceVersion "1"]
[SourceVersionDate "2007.11.01"]
[SourceQuality "1"]

1. e4 c5 2. Nf3 Nf6 3. Nc3 d5 4. Bb5+ Bd7 5. Qe2 dxe4 6. Nxe4 Nxe4 7. Bxd7+ Qxd7 8. Qxe4 Nc6 9. 0-0 g6 10. Qc4 b6 11. Ng5 e6 12. Re1 Bg7 13. d4 Nxd4 14. c3 b5 15. Qd3 h6 16. Nxf7 Qxf7 17. cxd4 0-0 18. Re2 c4 19. Qe4 Rad8 20. Be3 Rd5 21. a4 e5 22. dxe5 Rxe5 23. Qc6 b4 24. Rd1 Re7 25. Qd6 a5 26. Red2 c3 27. bxc3 bxc3 28. Rc2 Re4 29. Qc6 Qf5 30. Rxc3 Rxe3 31. Qc4+ Kh7 32. fxe3 Bxc3 33. Qxc3 Qf2+ 0-1

[Event "Avoine op 22nd"]
[Site "Avoine"]
[Date "2007.07.27"]
[Round "7"]
[White "Forthofer, Robert"]
[Black "Schmittdiel, Eckhard"]
[Result "1-0"]
[WhiteElo "2221"]
[BlackElo "2436"]
[PlyCount "201"]
[EventDate "2007.07.21"]
[EventType "swiss"]
[EventRounds "9"]
[EventCountry "FRA"]
[SourceTitle "EXT 2010"]
[Source "ChessBase"]
[SourceDate "2010.11.25"]
[SourceVersion "1"]
[SourceVersionDate "2010.11.25"]
[SourceQuality "1"]

1. e4 c5 2. Nf3 Nc6 3. Nc3 e6 4. d4 cxd4 5. Nxd4 Nf6 6. Ndb5 d6 7. Bf4 e5 8. Bg5 a6 9. Na3 b5 10. Bxf6 gxf6 11. Nd5 Bg7 12. Bd3 Ne7 13. Nxe7 Qxe7 14. 0-0 f5 15. c4 0-0 16. Qf3 bxc4 17. Nxc4 d5 18. exd5 e4 19. Qe3 Bb7 20. d6 Qf6 21. Bc2 f4 22. Qh3 Rac8 23. b3 Qg5 24. d7 Rc6 25. Bxe4 Rh6 26. Qf5 Qh4 27. h3 Rh5 28. Qg4 Bxe4 29. Qxh4 Rxh4 30. Rad1 Rd8 31. Rfe1 f5 32. f3 Bc3 33. Re2 Bc6 34. Rc2 Bg7 35. Rd6 Rh6 36. Rxh6 Bxh6 37. Nb6 Bb5 38. a4 Bd3 39. Rc3 Bf8 40. Nd5 Kf7 41. Rxd3 Rxd7 42. Kf1 Bh6 43. Nxf4 Rc7 44. Nd5 Rc1+ 45. Kf2 Bf8 46. Rc3 Rb1 47. a5 Bd6 48. f4 Rb2+ 49. Kf3 Ke6 50. Rd3 h5 51. Ne3 Bb4 52. Nc4 Rb1 53. Ne3 Bxa5 54. Nxf5 Kxf5 55. Rd5+ Kg6 56. Rxa5 Rxb3+ 57. Kf2 Rb2+ 58. Kf3 Rb3+ 59. Ke4 Rg3 60. Rxa6+ Kf7 61. Ra2 Kf6 62. f5 h4 63. Ra6+ Kf7 64. Rg6 Ra3 65. Kf4 Ra2 66. Kf3 Ra3+ 67. Kg4 Ra4+ 68. Kh5 Rf4 69. Rg4 Rxf5+ 70. Kxh4 Ra5 71. Rb4 Ra6 72. g4 Kg6 73. Rb5 Kh6 74. Rf5 Kg6 75. Kg3 Ra1 76. Rf3 Rg1+ 77. Kf4 Ra1 78. h4 Ra4+ 79. Kg3 Ra1 80. h5+ Kg5 81. Rf5+ Kh6 82. Rf6+ Kg7 83. Rg6+ Kh7 84. Rb6 Ra3+ 85. Kh4 Ra4 86. h6 Ra1 87. Kh5 Rh1+ 88. Kg5 Rg1 89. Rb7+ Kh8 90. Kh5 Ra1 91. g5 Ra5 92. Rf7 Rb5 93. Kg6 Rb8 94. Rf6 Ra8 95. Rf5 Rb8 96. Kh5 Kg8 97. g6 Rb7 98. h7+ Kg7 99. Rf7+ Rxf7 100. gxf7 Kxh7 101. f8R 1-0

[Event "Avoine op 22nd"]
[Site "Avoine"]
[Date "2007.07.26"]
[Round "6"]
[White "Stephan, Victor"]
[Black "Forthofer, Robert"]
[Result "0-1"]
[WhiteElo "2059"]
[BlackElo "2221"]
[PlyCount "70"]
[EventDate "2007.07.21"]
[EventType "swiss"]
[EventRounds "9"]
[EventCountry "FRA"]
[SourceTitle "EXT 2010"]
[Source "ChessBase"]
[SourceDate "2010.11.25"]
[SourceVersion "1"]
[SourceVersionDate "2010.11.25"]
[SourceQuality "1"]

1. d4 d5 2. c4 Nc6 3. Nf3 Bg4 4. cxd5 Bxf3 5. gxf3 Qxd5 6. e3 e5 7. Nc3 Bb4 8. Bd2 Bxc3 9. bxc3 Qd6 10. Rb1 b6 11. f4 exf4 12. e4 Nge7 13. Qf3 Qa3 14. Bd3 0-0 15. 0-0 Rad8 16. Rfc1 Ng6 17. e5 Ncxe5 18. dxe5 Nxe5 19. Bxh7+ Kxh7 20. Qh5+ Kg8 21. Qxe5 Rxd2 22. Qxf4 Rfd8 23. Qxc7 Qxa2 24. Ra1 Qd5 25. Re1 Qf5 26. Qg3 R2d3 27. Qh4 g5 28. Qh5 Rh3 29. Re5 Qxe5 30. Qxh3 a5 31. Qg4 Rd6 32. h4 Qxc3 33. Rf1 Qd4 34. Qg2 Qxh4 35. Re1 Qf4 0-1

[Event "FRA-chT1B 0607"]
[Site "France"]
[Date "2007.01.21"]
[Round "6.1"]
[White "Forthofer, Robert"]
[Black "Lerch, Patrice"]
[Result "0-1"]
[WhiteElo "2250"]
[BlackElo "2290"]
[PlyCount "54"]
[EventDate "2006.10.15"]
[EventType "team-tourn"]
[EventRounds "11"]
[EventCountry "FRA"]
[SourceTitle "EXT 2008"]
[Source "ChessBase"]
[SourceDate "2007.11.25"]
[SourceVersion "1"]
[SourceVersionDate "2007.11.25"]
[SourceQuality "1"]
[WhiteTeam "Reims"]
[BlackTeam "Mulhouse II"]
[WhiteTeamCountry "FRA"]
[BlackTeamCountry "FRA"]

1. e4 c5 2. Nf3 Nc6 3. Nc3 g6 4. d4 cxd4 5. Nxd4 Bg7 6. Be3 Nf6 7. Bc4 Qa5 8. 0-0 0-0 9. Bb3 d6 10. h3 Bd7 11. g4 Nxd4 12. Bxd4 Qg5 13. f4 Qh4 14. Qf3 h5 15. Bf2 hxg4 16. Bxh4 gxf3 17. Rxf3 Bc6 18. Re1 e6 19. Rd3 Nh5 20. f5 exf5 21. exf5 Nf4 22. Rxd6 Ng2 23. fxg6 Nxh4 24. Bxf7+ Kh8 25. Rf1 Rad8 26. Rxd8 Rxd8 27. Rf4 Rd4 0-1